00321nam a2200121Ia 4500008004000000020001800040082001800058100002800076245002800104260003500132300000800167650002400175210210b1988 xxu||||| |||| 00| 0 eng d a81 7036 122 2 a327.0954 COHS aCOHEN (Stephen Philip). aSecurity of South Asia. aNDbVistaar Publicationsc1988 a290 aSecurity South Asia